Statistics for FIFA 22 Serie A TOTS

Click here to take the quiz!

General Stats

  • This quiz has been taken 74 times
    (65 since last reset)
  • The average score is 16 of 20

Answer Stats

ClubPositionRatingAnswer% Correct
LazioST96Ciro Immobile
100%
JuventusST96Dusan Vlahovic
98%
JuventusCF96Paulo Dybala
98%
AC MilanLW97Rafael Leao
98%
AC MilanLB95Theo Hernandez
96%
Inter MilanCDM94Marcelo Brozovic
94%
AC MilanCDM95Sandro Tonali
94%
AC MilanGK92Mike Maignan
92%
NapoliCB95Kalidou Koulibaly
90%
SassuoloRW96Domenico Berardi
88%
Inter MilanCB92Milan Skriniar
86%
Inter MilanST92Lautaro Martinez
80%
LazioCM94Sergej Milinkovic-Savic
80%
JuventusRB93Juan Cuadrado
78%
NapoliST92Victor Osimhen
74%
TorinoCB90Gleison Bremer
72%
Inter MilanCM93Hakan Calhanoglu
60%
SassuoloCM91Maxime Lopez
32%
UdineseCF92Gerard Deulofeu
30%
Hellas VeronaLF93Gianluca Caprari
26%

Score Distribution

Percentile by Number Answered

Percent of People with Each Score

Your Score History

You have not taken this quiz since the last reset